| 000 | 01229nas1a22003491i 4500 | ||
|---|---|---|---|
| 001 | RU\NLR\Perin\1004111 | ||
| 005 | 20260407220458.0 | ||
| 011 | _a1818-5169 | ||
| 035 | _a(NLR Aleph) 004015595 | ||
| 090 |
_a2664626 _c2664626 |
||
| 100 | _a20100309a20089999|||y0rusy50 ba | ||
| 101 | 0 | _aeng | |
| 102 | _aRU | ||
| 110 | _aakaz||||||| | ||
| 200 | 1 |
_aGeology, geography and global energy _escientific and technical journal _fAstrakhan state univ. [etc.] |
|
| 210 |
_aAstrakhan _cAstrakhansky univ. _d2008- |
||
| 300 | _aИзд. также на рус. яз. | ||
| 541 | 0 |
_aГеология,география и глобальная энергия _zrus |
|
| 606 | 1 |
_aГеология _jПериодические издания _9899983 _3RU\NLR\AUTH\666905 |
|
| 606 |
_aГеография _jПериодические издания _91002053 _3RU\NLR\AUTH\6662461 |
||
| 686 | 1 | _aД8я52 | |
| 686 | 1 | _aД3я52 | |
| 712 | 0 | 2 |
_4570 _8eng _aAstrakhan state university _7ba _3RU\NLR\AUTH\8810146989 _9788495 |
| 801 | 0 |
_aRU _bNLR _gPSBO |
|
| 801 | 1 |
_aRU _bNLR _c20100309 _2rusmarc |
|
| 801 | 2 |
_aRU _bNLR _c20100311 _2rusmarc |
|
| 852 |
_aNLR _jP8/1358 |
||
| 852 | _aNLR | ||
| 942 | _cJOURNAL | ||
| 980 | _aINPER | ||